Fußball-Quiz (schwer) WM 2006 Special - Statistiken

Allgemein
  • Dieses Quiz wurde 100 mal gespielt
  • Das Durchschnittsergebnis liegt bei 9 aus 21
Antwortstatistiken
Hint Antwort % Korrekt
Wer erzielte beim Achtelfinale zwischen Deutschland und Schweden die einzigen Tore? Lukas Podolski
78%
In welcher Stadt fand das Spiel um Platz 3 statt? Stuttgart
76%
Welchen Stürmer von Borussia Dortmund lief bei der WM für die Schweiz an? Alexander Frei
71%
Und wer erzielte in diesem Spiel einen Doppelpack? Bastian Schweinsteiger
71%
Nach wie vielen gelben Karten? 3
68%
Wer erzielte das 2. Tor im Halbfinale zwischen Italien und Deutschland Alessandro Del Piero
67%
Welcher ehemalige Spieler vom FC Bayern spielte bei der WM 2006 für den Iran? Ali Karimi
60%
Gegen welches afrikanische Land spielte Vizeweltmeister Frankreich in der Gruppenphase? Togo
59%
Wen warf Italien durch einen umstrittenen Elfmeter in der Nachspielzeit im Achtelfinale raus? Australien
51%
Die Gruppe B bestand aus England, Schweden, Paraguay und... Trinidad und Tobago
47%
Wer erzielte das Tor? Francesco Totti
46%
Welcher Kroate flog gegen Australien vom Platz? Josip Simunic
44%
Welcher Weltmeister von 2006 wechselte im Anschluss zum VfB Stuttgart? Mauro Camoranesi
44%
Und wie hieß der Starstürmer dieses Landes? Emmanuel Adebayor
38%
Und wer stand im Kader für Ghana? Samuel Kuffour
38%
Wer leitete die Flanke zum 1:1 Ausgleich für Deutschland gegen Argentinien im Viertelfinale per Kopf weiter? Tim Borowski
33%
Wie hieß der zweite Torhüter im französischen Kader? Grégory Coupet
22%
Welchen Beinamen erhielt das Achtelfinale zwischen Portugal und der Niederlande? Schlacht von Nürnberg
19%
Ein Torhüter bei der WM trug in den Spielen eine lange Hose. Für welches Land spielte er? Ecuador
14%
Und wie hieß er? Christian Mora
2%
Von wem ist der WM-Song "Love Generation"? Bon Sinclair
0%
Keine übereinstimmenden Quizze gefunden
Verteilung der Resultate
Anzahl Personen mit jedem Resultat
Perzentil nach korrekt beantworteten Fragen
Ihre Resultats-Entwicklung
Sie haben dieses Quiz noch nicht gespielt